000 00452nam a2200145Ia 4500
008 231129s2012||||xx |||||||||||||| ||spa||
020 _a978-1-61177-693-5
040 _bspa
082 _a364 H875f
100 _aHubbard L. Ronald
245 0 _aFilántropo: restaurando el honor y la autoestima
260 _c2012
264 _aLos Angeles Estados Unidos de América : L. Ronald Hubbard Library
942 _2ddc
_cBKS
999 _c13942
_d13942